00426 a2200157 4500003000400000005001700004008004100021020001800062040000900080082001800089100001600107245007400123250001200197260004900209300001000258OSt20240118105834.0240118b |||||||| |||| 00| 0 eng d a9789391899189 coclc a297.03bHAL/I aHaleem, A A aIslamika Vijnhanakosham Vol. 14= Islamic Encyclopaedia /cA.A. Haleem a1st ed. aKozhikode:bIslamic Publishing House,c2022. a962p.